000 00590nam a2200181Ia 4500
003 IN-BaIIA
008 211028s9999 xx 000 0 eng d
040 _cIIA Library
080 _a(05)52
_bANN-2
100 _aGoldberg, Leo
_91292
245 0 _aAnnual review of astronomy and astrophysics
_bvol. 2
_cLeo Goldberg
260 _aPalo Alto
_bAnnual Reviews
_c1964
300 _avii, 462p.
650 _aAstronomy - Periodicals
_94087
650 _aAstronomy and astrophysics thesaurus
650 _aAstrophysics - Periodicals
_94088
942 _cBK
999 _c2316
_d2316